| 000 | 00867nam a2200277 i 4500 | ||
|---|---|---|---|
| 001 | 8823 | ||
| 003 | KOSZ 005 | ||
| 005 | 20200131083221.0 | ||
| 008 | 070620s1970 pl a f 000 0 pol | ||
| 015 | _aPB 1970/6921 | ||
| 040 |
_aWA N _cKOSZ 005/RW _dKOSZ 005/RW |
||
| 080 | _a69:631.2 | ||
| 100 | 1 |
_aBosakirski, Mikołaj _eAutor |
|
| 245 | 1 | 0 |
_aNaprawa budynków / _cMikołaj Bosakirski. |
| 260 |
_aWarszawa : _bArkady, _c1970. |
||
| 300 |
_a108, [3] s. : _bil. ; _c23 cm. |
||
| 380 | _aKsiążki. | ||
| 490 | 1 | _aBudujemy Sami | |
| 504 | _aBibliogr. s. [111]. | ||
| 650 | 4 |
_aBudownictwo wiejskie _xremont. |
|
| 655 | 4 | _aPoradnik | |
| 710 | 2 |
_aWydawnictwo "Arkady". _4pbl. |
|
| 830 | 0 | _aBudujemy Sami. | |
| 856 |
_uhttp://koha.tu.koszalin.pl/cgi-bin/koha/opac-detail.pl?biblionumber=8823 _yKatalog online BPK |
||
| 942 |
_2UKD _cKS |
||
| 999 |
_c8823 _d8823 |
||